000 00656nam a2200229 i 4500
001 C2-0231423
003 PPAK
005 20180728084535.0
008 001121s1961 enk |||| ||||| | eng d
040 _aPPAK
_beng
_cPPAK
_erda
082 0 4 _a956
_223
090 0 0 _a956
_bKIR
_dKSI
100 1 _aKirk, George E.,
_eauthor
245 1 2 _aA short history of the Middle East:
_bfrom the rise of Islam to modern times
264 1 _aLondon :
_bMetheun & Co. ,
_c1961
300 _a342 pages ;
_c21 cm
336 _2rdacontent
_atext
337 _2rdamedia
_aunmediated
338 _2rdacarrier
_avolume
650 1 0 _aMiddle East - History
942 _ddc
_cB
999 _c150822
_d150822